000
00353nam a2200157Ia 4500
008
221030s9999 xx 000 0 und d
020
_a
8131800679
041
_a
English
082
_a
105.23
100
_a
R. Bangia
245
0
_a
Information Technology Bible
260
_b
Laxmi Pub.
_a
New Delhi
_c
2007
300
_a
567
650
_a
IT
942
_c
BK
999
_c
6523
_d
6523